Introducción al existencialismo

Spremljeno u:
Bibliografski detalji
Glavni autor: Fatone, Vicente
Format: Knjiga
Jezik:Undetermined
Izdano: Buenos Aires, Argentina Columba 1953
Teme:
Oznake: Dodaj oznaku
Bez oznaka, Budi prvi tko označuje ovaj zapis!

MARC

LEADER 00000nam a2200000Ia 4500
008 170316s9999 xx 000 0 und d
090 |a 100 F-5i 
100 |a Fatone, Vicente 
245 |a Introducción al existencialismo 
260 |a Buenos Aires, Argentina 
260 |b Columba 
260 |c 1953 
300 |a 63 páginas 
650 |a FILOSOFÍA 
999 |c 16232  |d 16232 
040 |a cru BVZT 
942 |c 15 D  |h 100 F-5i  |2 z